Countries that have sent Military Aid to Ukraine - Statistics

General Stats
  • This quiz has been taken 119 times
  • The average score is 28 of 36
Answer Stats
Country % Correct
United States
99%
Germany
95%
United Kingdom
95%
France
92%
Spain
88%
Canada
86%
Finland
86%
Poland
86%
Sweden
86%
Italy
85%
Norway
85%
Portugal
84%
Greece
82%
Lithuania
82%
Netherlands
82%
Denmark
81%
Estonia
81%
Japan
81%
Latvia
81%
Australia
79%
Belgium
79%
South Korea
78%
Turkey
78%
Croatia
75%
Czech Republic
75%
Slovakia
75%
Albania
74%
Romania
74%
Ireland
70%
Slovenia
70%
Hungary
68%
New Zealand
67%
Iceland
66%
North Macedonia
64%
Montenegro
58%
Colombia
25%
No matching quizzes found
Score Distribution
Percent of People with Each Score
Percentile by Number Answered
Your Score History
You have not taken this quiz